| 000 | 00763cam a2200217 a 4500 | ||
|---|---|---|---|
| 999 |
_c1106 _d1106 |
||
| 001 | 14302 | ||
| 003 | BD-DhUAP | ||
| 005 | 20201230151613.0 | ||
| 008 | 200202r20092007ii 000 0 eng d | ||
| 040 |
_aDLC _cBD-DhUAP _dBD-DhUAP _bEng |
||
| 082 |
_223 _a349.540899143 AGA |
||
| 100 | 1 | _aAgarwala, R. K. | |
| 245 | 1 | 0 |
_aHindu law : _b(codifies and uncodified), as amended by [Hindu succession (amendment) act, 2005] and [prohibition of child marriage act, 2006 (act no. 6 of 2007)] / _cR. K. Agarwala. |
| 250 | _a22nd ed. | ||
| 260 |
_aAllahabad : _bCentral Law agency, _cc2007 [Reprinted 2009]. |
||
| 300 |
_axxxix, 452 pages ; _c24 cm. |
||
| 650 | 0 | _aHindu law. | |
| 650 | 0 |
_aLaw _zIndia. |
|
| 650 | 0 |
_aHindus _xLegal status, laws, etc. _zIndia. |
|
| 942 |
_2ddc _cBK |
||